EPC or no EPC (Record no. 81713)
[ view plain ]
| 000 -LEADER | |
|---|---|
| fixed length control field | 00932cad a22002175a 4500 |
| 001 - CONTROL NUMBER | |
| control field | E148063 |
| 008 - FIXED-LENGTH DATA ELEMENTS--GENERAL INFORMATION | |
| fixed length control field | 090720s2009 xxk 000 0 eng u |
| 035 ## - SYSTEM CONTROL NUMBER | |
| System control number | (Sirsi) u148063 |
| 041 0# - LANGUAGE CODE | |
| Language code of text/sound track or separate title | eng |
| 100 1# - MAIN ENTRY--PERSONAL NAME | |
| Personal name | Corbyn, Robert |
| 245 00 - TITLE STATEMENT | |
| Title | EPC or no EPC |
| Remainder of title | that is the question |
| Medium | [electronic resource] |
| 260 ## - PUBLICATION, DISTRIBUTION, ETC. | |
| Date of publication, distribution, etc. | 2009 |
| 490 #4 - SERIES STATEMENT | |
| Series statement | The Journal |
| -- | RICS Building Surveying Journal |
| Volume/sequential designation | July/August 2009, 10-11(2) |
| 520 ## - SUMMARY, ETC. | |
| Summary, etc. | Looks at the answers to common questions on non-domestic EPCs, including exemptions, non-compliance, requirements in Northern Ireland and Scotland, and when an EPC is required. |
| 590 ## - LOCAL NOTE (RLIN) | |
| Local note | KA |
| 650 24 - SUBJECT ADDED ENTRY--TOPICAL TERM | |
| Topical term or geographic name entry element | ENERGY PERFORMANCE CERTIFICATES |
| 651 #4 - SUBJECT ADDED ENTRY--GEOGRAPHIC NAME | |
| Geographic name | United Kingdom |
| Chronological subdivision | |
| 690 ## - LOCAL SUBJECT ADDED ENTRY--TOPICAL TERM (OCLC, RLIN) | |
| Topical term or geographic name as entry element | ENVIRONMENTAL AND LAND CONSULTANCY-ENERGY-ENERGY USE-ENERGY EFFICIENCY |
| 856 41 - ELECTRONIC LOCATION AND ACCESS | |
| Uniform Resource Identifier | <a href="https://www.rics.org/site/scripts/download_info.aspx?downloadID=2712">https://www.rics.org/site/scripts/download_info.aspx?downloadID=2712</a> |
| Public note | View this item (member-only access) at www.rics.org |
| 942 ## - ADDED ENTRY ELEMENTS (KOHA) | |
| Suppress in OPAC | 0 |
| Withdrawn status | Lost status | Source of classification or shelving scheme | Damaged status | Not for loan | Home library | Current library | Shelving location | Date acquired | Total Checkouts | Full call number | Barcode | Date last seen | Copy number | Price effective from | Koha item type |
|---|---|---|---|---|---|---|---|---|---|---|---|---|---|---|---|
| Dewey Decimal Classification | Virtual | Virtual | Online | 20/07/2009 | ONLINE PUBLICATION | 148063-2001 | 06/08/2019 | 1 | 06/08/2019 | Journal article |